แสดงรายละเอียดบรรณานุกรม
  กลับหน้าหลัก

Brief Record : Get Marc (ISO 2709) : E-mail record : QR code ปิดหน้าต่าง
หนังสืออ้างอิง : เกี่ยวกับ Collections
LEADER 00000nam 2200000uu 4500
001    213194
003     ULIBM
008    020711s2563 th a 000 0 tha d
041    ^atha^beng
060    อ WY1 ส181ร 2563
110    สถาบันพระบรมราชชนก คณะพยาบาลศาสตร์.
245    รายงานประจำปี 2563 คณะพยาบาลศาสตร์ สถาบันพระบรมราชชนก กระทรวงสาธารณสุข=^bAnnual report 2020 faculty of nursing, praboromarajchanok institute/^cคณะพยาบาลศาสตร์ สถาบันพระบรมราชชนก
246 31 ^aAnnual Report 2020 Faculty of Nursing, Praboromarajchanok Institute
260    นนทบุรี :^bคณะพยาบาลศาสตร์ สถาบันพระบรมราชชนก กระทรวงสาธารณสุข,^c2563
300    ก-ค,125 หน้า :^bภาพประกอบ ;^c30 ซม.
650  4 คณะพยาบาลศาสตร์ สถาบันพระบรมราชชนก^xรายงานประจำปี
650  4 ^aสถาบันพระบรมราชชนก^xรายงานประจำปี
999    ^aใช้งานได้ทุกระบบ
รายการนี้ยังไม่มีแท็ก
คุณยังไม่ได้ล็อกอิน คุณสามารถมีกิจกรรมร่วมกับเว็บไซต์ได้ แต่ต้องล็อกอินก่อน ::
  ล็อกอิน
ลำดับที่ ประเภท เลขเรียก สถานที่ สถานะ
1. หนังสืออ้างอิง
หนังสืออ้างอิง
อ WY1 ส181ร 2563 ฉ.1 
  
ชั้นหนังสืออ้างอิง On Shelf
   [แสดง 1/1 รายการ]

BibComment


ยังไม่เคยถูกคอมเมนท์

คอมเมนท์ทรัพยากรรายการนี้
  คอมเมนท์: รายงานประจำปี 256..
Bib 213194

 
 
 

 Union Library Management : ULibM
Copyright 2026. All Rights Reserved.
скачать бесплатно без регистрации порно красивый секс HD Sex Hindi sex

xxx gou

xxxx

bfxxx

xxxwww

Секса Видео

xxxx

Секса Видео

detube

geilexxx

C99 Shell

worms shell

blod xxx video
Ebony Coed Rihanna Rimes Takes A Dick In Her Young Twat priyaa indian fuck anal and pusssy hardcore indian women xxx desi hardcore fucking part 1 bengalixxxcouple